Reality

Z obsahu: Stavbár posudzuje dom ako technický objekt, kým ekonóm ako firmu, ktorá má svoje náklady a výnosy. Oceňovanie zálohov je najmenej prepracovanou časťou úverových obchodov. Ivamoza je súčasťou projektu regionálneho rozvoja Podunajska. Každý vlastník bytu je od začiatku roka priamo daňovníkom...

Ausführliche Beschreibung

Gespeichert in:
Bibliographische Detailangaben
1. Verfasser: Zverková, Daniela
Format: Buch
Sprache:Slowakisch
Schlagworte:
Tags: Tag hinzufügen
Keine Tags, Fügen Sie das erste Tag hinzu!

MARC

LEADER 00000nam a2200000 4500
001 r030213
005 20230921083429.9
041 0 |a slo 
044 |a SK 
245 1 0 |a Reality  |c Daniela Zverková 
520 |a Z obsahu: Stavbár posudzuje dom ako technický objekt, kým ekonóm ako firmu, ktorá má svoje náklady a výnosy. Oceňovanie zálohov je najmenej prepracovanou časťou úverových obchodov. Ivamoza je súčasťou projektu regionálneho rozvoja Podunajska. Každý vlastník bytu je od začiatku roka priamo daňovníkom. 
610 2 0 |a nehnuteľnosti 
610 2 0 |a oceňovanie 
610 2 0 |a obchody úverové 
610 2 0 |a rozvoj regionálny 
610 2 0 |a byty 
610 2 0 |a vlastníctvo 
610 2 0 |a dane 
610 2 0 |a daňovníci 
610 2 0 |a Podunajsko 
100 1 |a Zverková, Daniela